[Event "Lippe Cup 03rd"]
[Site "Lieme"]
[Date "2006.10.08"]
[Round "4"]
[White "Grochtmann, Stephan"]
[Black "Hammes, Frank"]
[Result "1-0"]
[WhiteElo "2080"]
[BlackElo "2146"]
[PlyCount "85"]
[EventDate "2006.10.06"]
[EventType "swiss"]
[EventRounds "5"]
[EventCountry "GER"]
[SourceTitle "EXT 2012"]
[Source "ChessBase"]
[SourceDate "2011.11.24"]
[SourceVersion "1"]
[SourceVersionDate "2011.11.24"]
[SourceQuality "1"]

1. e4 c5 2. Nf3 Nc6 3. Bb5 e5 4. d3 Nge7 5. Nc3 a6 6. Bc4 h6 7. a4 d6 8. Nh4 Nd4 9. 0-0 Be6 10. Bxe6 Nxe6 11. Qg4 Qd7 12. Be3 Nd4 13. Qd1 g6 14. a5 Bg7 15. Na4 Rd8 16. c3 Ne6 17. Qc1 g5 18. Nb6 Qc6 19. Nf5 Nxf5 20. exf5 Nf4 21. Bxf4 gxf4 22. c4 Bf6 23. Re1 Bg5 24. f3 0-0 25. Re2 Kh7 26. Qe1 h5 27. b3 h4 28. h3 Rg8 29. Rb2 f6 30. Kh1 Rg7 31. Rab1 Rdg8 32. b4 cxb4 33. Qxb4 Bh6 34. Nd5 Rf7 35. Qe1 Rg3 36. Rb6 Qc8 37. Qe4 Bf8 38. Rxb7 Kg7 39. Nc7 Be7 40. Ne6+ Kh7 41. Nxf4 Rg5 42. Ng6 Qe8 43. Nxe7 1-0

[Event "Lippe Cup 03rd"]
[Site "Lieme"]
[Date "2006.10.08"]
[Round "5"]
[White "Henkemeier, Michael"]
[Black "Hammes, Frank"]
[Result "1/2-1/2"]
[WhiteElo "1848"]
[BlackElo "2146"]
[PlyCount "44"]
[EventDate "2006.10.06"]
[EventType "swiss"]
[EventRounds "5"]
[EventCountry "GER"]
[SourceTitle "EXT 2012"]
[Source "ChessBase"]
[SourceDate "2011.11.24"]
[SourceVersion "1"]
[SourceVersionDate "2011.11.24"]
[SourceQuality "1"]

1. d4 Nf6 2. c4 e6 3. Nc3 Bb4 4. e3 0-0 5. Bd3 d5 6. Nf3 c5 7. 0-0 cxd4 8. exd4 Nc6 9. Bg5 Be7 10. Rc1 Bd7 11. Re1 Rc8 12. a3 dxc4 13. Bxc4 Nd5 14. Bxe7 Ncxe7 15. Ne5 Nf6 16. Ba2 Bc6 17. Ne2 Qb6 18. b4 Rfd8 19. Rc5 Bd5 20. Bxd5 Nexd5 21. Qc2 Rxc5 22. dxc5 Qc7 1/2-1/2

[Event "Duesseldorf-ch"]
[Site "Duesseldorf"]
[Date "2006.09.21"]
[Round "3"]
[White "Hammes, Frank"]
[Black "Nogly, Christoph"]
[Result "0-1"]
[WhiteElo "1897"]
[BlackElo "2219"]
[PlyCount "80"]
[EventDate "2006.08.24"]
[EventType "swiss"]
[EventRounds "7"]
[EventCountry "GER"]
[SourceTitle "EXT 2008"]
[Source "ChessBase"]
[SourceDate "2007.11.25"]
[SourceVersion "1"]
[SourceVersionDate "2007.11.25"]
[SourceQuality "1"]

1. Nf3 d5 2. d4 Nf6 3. c4 e6 4. g3 dxc4 5. Bg2 a6 6. Ne5 c5 7. Be3 Nd5 8. 0-0 Nd7 9. Bc1 b5 10. e4 Nb4 11. a3 Nxe5 12. axb4 cxd4 13. f4 Nd3 14. e5 Ra7 15. Nd2 Bxb4 16. Ne4 Be7 17. Qg4 0-0 18. Qh5 g6 19. Qh6 f5 20. Nd2 Qb6 21. h4 Re8 22. h5 Bf8 23. Qg5 Qd8 24. hxg6 Qxg5 25. gxh7+ Kxh7 26. fxg5 Nxe5 27. Kf2 a5 28. Rh1+ Kg7 29. Nf3 Ng4+ 30. Ke1 Bb7 31. Bd2 a4 32. Rh4 Bxf3 33. Bxf3 Bd6 34. Rh3 Rh8 35. Rxh8 Bxg3+ 36. Kf1 Kxh8 37. Bc6 a3 38. bxa3 c3 39. Bc1 d3 40. Kg2 Bd6 0-1

[Event "Duesseldorf-ch"]
[Site "Duesseldorf"]
[Date "2005.11.18"]
[Round "8.5"]
[White "Hammes, Frank"]
[Black "Isdepski, Marcus"]
[Result "1-0"]
[WhiteElo "1939"]
[BlackElo "1794"]
[PlyCount "97"]
[EventDate "2005.09.02"]
[EventType "swiss"]
[EventRounds "9"]
[EventCountry "GER"]
[SourceTitle "EXT 2006"]
[Source "ChessBase"]
[SourceDate "2005.11.24"]
[SourceVersion "1"]
[SourceVersionDate "2005.11.24"]
[SourceQuality "1"]

1. Nf3 c5 2. b3 Nc6 3. Bb2 d5 4. e3 e6 5. Bb5 Bd7 6. Bxc6 Bxc6 7. Ne5 Nf6 8. 0-0 Be7 9. f4 0-0 10. d3 Qc7 11. Nd2 b5 12. Nxc6 Qxc6 13. Nf3 a5 14. Ne5 Qd6 15. a4 b4 16. Qf3 Nd7 17. Nxd7 Qxd7 18. Rad1 Qc7 19. f5 Qd8 20. fxe6 fxe6 21. Qg4 Bf6 22. Qxe6+ Kh8 23. Bxf6 Rxf6 24. Rxf6 Qxf6 25. Qxf6 gxf6 26. Rf1 Kg7 27. Rf5 Rd8 28. Kf2 Kg6 29. g4 h5 30. Rxh5 c4 31. bxc4 dxc4 32. Rxa5 cxd3 33. cxd3 Rb8 34. Rc5 b3 35. Rc1 Rb4 36. Kf3 Rxa4 37. Rb1 Ra2 38. h4 Rh2 39. Rxb3 Rh3+ 40. Kf4 Rxh4 41. d4 Rh1 42. e4 Rf1+ 43. Rf3 Rd1 44. d5 Rd2 45. Rf1 Rd3 46. Rg1 Kf7 47. g5 fxg5+ 48. Rxg5 Ke7 49. Ke5 1-0

[Event "Duesseldorf-ch"]
[Site "Duesseldorf"]
[Date "2005.10.28"]
[Round "6.6"]
[White "Hammes, Frank"]
[Black "Zscheuschler, Dieter"]
[Result "1/2-1/2"]
[WhiteElo "1939"]
[BlackElo "1733"]
[PlyCount "42"]
[EventDate "2005.09.02"]
[EventType "swiss"]
[EventRounds "9"]
[EventCountry "GER"]
[SourceTitle "EXT 2006"]
[Source "ChessBase"]
[SourceDate "2005.11.24"]
[SourceVersion "1"]
[SourceVersionDate "2005.11.24"]
[SourceQuality "1"]

1. c4 e5 2. g3 Nc6 3. Bg2 Nf6 4. Nc3 Be7 5. e3 0-0 6. Nge2 d6 7. 0-0 Be6 8. b3 Qc8 9. Re1 Bh3 10. Bh1 h5 11. Nd5 h4 12. Nec3 hxg3 13. fxg3 Bd8 14. Nxf6+ Bxf6 15. Nd5 Bd8 16. Bg2 Bg4 17. Qc2 Bf5 18. Qd1 Bg4 19. Qc2 Bf5 20. Qd1 Bg4 21. Qc2 Bf5 1/2-1/2

[Event "Duesseldorf-ch"]
[Site "Duesseldorf"]
[Date "2005.09.09"]
[Round "2.4"]
[White "Bilgen, Erwin"]
[Black "Hammes, Frank"]
[Result "1/2-1/2"]
[WhiteElo "1763"]
[BlackElo "1939"]
[PlyCount "56"]
[EventDate "2005.09.02"]
[EventType "swiss"]
[EventRounds "9"]
[EventCountry "GER"]
[SourceTitle "EXT 2006"]
[Source "ChessBase"]
[SourceDate "2005.11.24"]
[SourceVersion "1"]
[SourceVersionDate "2005.11.24"]
[SourceQuality "1"]

1. d4 Nf6 2. Nc3 d5 3. Bg5 Nbd7 4. f3 c6 5. e4 dxe4 6. fxe4 Qa5 7. e5 Ne4 8. Nf3 e6 9. Qd3 Bb4 10. Qxe4 Bxc3+ 11. Bd2 Bxd2+ 12. Nxd2 f5 13. exf6 Nxf6 14. Qe3 0-0 15. Bc4 Nd5 16. Qe5 b5 17. Bd3 Nb4 18. Be4 Bd7 19. Qh5 g6 20. Bxg6 hxg6 21. Qxg6+ Kh8 22. h4 e5 23. Ke2 Rae8 24. Raf1 exd4+ 25. Kd1 Qxa2 26. Rxf8+ Rxf8 27. Qh5+ Kg8 28. Qg6+ Kh8 1/2-1/2

[Event "Duesseldorf-ch"]
[Site "Duesseldorf"]
[Date "2005.09.02"]
[Round "1.5"]
[White "Hammes, Frank"]
[Black "Reiter, Michael"]
[Result "1-0"]
[WhiteElo "1939"]
[BlackElo "1618"]
[PlyCount "49"]
[EventDate "2005.09.02"]
[EventType "swiss"]
[EventRounds "9"]
[EventCountry "GER"]
[SourceTitle "EXT 2006"]
[Source "ChessBase"]
[SourceDate "2005.11.24"]
[SourceVersion "1"]
[SourceVersionDate "2005.11.24"]
[SourceQuality "1"]

1. c4 c5 2. Nf3 Nc6 3. g3 b6 4. Bg2 Bb7 5. 0-0 g6 6. e3 e6 7. d4 d5 8. cxd5 exd5 9. Nc3 Nf6 10. Re1 Bg7 11. e4 dxe4 12. Nxe4 0-0 13. Nxf6+ Bxf6 14. Bh6 Re8 15. Rxe8+ Qxe8 16. dxc5 Rd8 17. Qa4 Nd4 18. Qxe8+ Rxe8 19. Nxd4 Bxg2 20. Kxg2 Bxd4 21. c6 Bxb2 22. Rd1 Rc8 23. c7 Bf6 24. Rd7 g5 25. Kf3 1-0

[Event "Feffernitz Raika op 08th"]
[Site "Feffernitz"]
[Date "1999.08.20"]
[Round "6.7"]
[White "Hammes, Frank"]
[Black "Benda, Herbert"]
[Result "1/2-1/2"]
[WhiteElo "2150"]
[BlackElo "2210"]
[PlyCount "28"]
[EventDate "1999.08.??"]
[EventType "swiss"]
[EventRounds "9"]
[EventCountry "AUT"]
[SourceTitle "EXT 2004"]
[Source "ChessBase"]
[SourceDate "2003.11.25"]
[SourceVersion "1"]
[SourceVersionDate "2003.11.25"]
[SourceQuality "1"]

1. Nf3 g6 2. g3 Bg7 3. Bg2 e5 4. d3 d6 5. 0-0 f5 6. c4 Nf6 7. Nc3 0-0 8. Rb1 a5 9. a3 Nh5 10. Qc2 f4 11. Ne4 Bg4 12. h3 Bxf3 13. Bxf3 Nc6 14. Qd1 Nf6 1/2-1/2

[Event "Feffernitz Raika op 08th"]
[Site "Feffernitz"]
[Date "1999.08.17"]
[Round "3.12"]
[White "Hammes, Frank"]
[Black "Gallob, Alois"]
[Result "1/2-1/2"]
[WhiteElo "2150"]
[BlackElo "1894"]
[PlyCount "67"]
[EventDate "1999.08.??"]
[EventType "swiss"]
[EventRounds "9"]
[EventCountry "AUT"]
[SourceTitle "EXT 2004"]
[Source "ChessBase"]
[SourceDate "2003.11.25"]
[SourceVersion "1"]
[SourceVersionDate "2003.11.25"]
[SourceQuality "1"]

1. c4 Nf6 2. Nc3 g6 3. g3 Bg7 4. Bg2 0-0 5. Nf3 d6 6. d4 Nbd7 7. 0-0 e5 8. e4 c6 9. h3 Qc7 10. b3 a6 11. Be3 Re8 12. d5 c5 13. Qd2 Qa5 14. a3 Qc7 15. Bh6 Rb8 16. Bxg7 Kxg7 17. Rfb1 Nh5 18. Bf1 Nf8 19. b4 Bd7 20. Rc1 h6 21. Qd1 Qc8 22. Kh2 Nh7 23. Ra2 Rf8 24. bxc5 Qxc5 25. Nh4 N7f6 26. Qd2 Qd4 27. Qxd4 exd4 28. Ne2 Nxe4 29. Nxd4 f5 30. f4 Nhxg3 31. Rb2 Nxf1+ 32. Rxf1 Rf6 33. Rg1 g5 34. Nhf3 1/2-1/2

[Event "Niederrhein-ch"]
[Site "Niederrhein"]
[Date "1999.03.31"]
[Round "6"]
[White "Weritz, Juergen"]
[Black "Hammes, Frank"]
[Result "0-1"]
[WhiteElo "1634"]
[BlackElo "2001"]
[PlyCount "139"]
[EventDate "1999.03.??"]
[EventType "swiss"]
[EventRounds "9"]
[EventCountry "GER"]
[SourceTitle "EXT 2002"]
[Source "ChessBase"]
[SourceDate "2001.11.25"]
[SourceVersion "1"]
[SourceVersionDate "2001.11.25"]
[SourceQuality "1"]

1. Nf3 Nf6 2. d4 g6 3. g3 Bg7 4. Bg2 0-0 5. 0-0 d6 6. c3 Nbd7 7. Nbd2 d5 8. Re1 c5 9. e4 dxe4 10. Nxe4 cxd4 11. Nxf6+ Nxf6 12. Nxd4 Re8 13. Nb5 Qb6 14. a4 Ng4 15. Qe2 a6 16. Na3 Bf5 17. Nc4 Qc7 18. h3 Be6 19. Na3 Nf6 20. Bf4 Qc8 21. Kh2 Bd5 22. a5 e5 23. Be3 Qc6 24. Bxd5 Nxd5 25. Qc4 Qe6 26. Qb3 Nxe3 27. Qxe6 Rxe6 28. Rxe3 Rd8 29. Nc4 h5 30. Re2 Rc6 31. Ra4 Rc5 32. Rd2 Rxd2 33. Nxd2 Rb5 34. Nc4 Bf8 35. Kg2 f5 36. f3 Rd5 37. Ra1 Kf7 38. Kf2 Kf6 39. Ke2 g5 40. b3 Ke6 41. g4 hxg4 42. hxg4 fxg4 43. fxg4 e4 44. Rd1 Bg7 45. Rxd5 Kxd5 46. Kd2 Bf8 47. Nb6+ Ke6 48. Ke3 Bg7 49. Kxe4 Bxc3 50. Nc4 Be1 51. Kd4 Kd7 52. Kd5 Bb4 53. Ke5 Kc6 54. Kf5 Be7 55. Ne5+ Kb5 56. Nf3 Kxa5 57. Nxg5 Kb4 58. Nf3 Kxb3 59. Ke4 a5 60. Kd3 a4 61. Nd4+ Kb2 62. Nb5 a3 63. Nxa3 Kxa3 64. Kc4 Ka4 65. Kc3 b5 66. Kc2 b4 67. Kb2 Bf6+ 68. Ka2 b3+ 69. Kb1 Ka3 70. g5 0-1

[Event "Niederrhein-ch"]
[Site "Niederrhein"]
[Date "1999.03.30"]
[Round "5"]
[White "Hammes, Frank"]
[Black "Dehne, Mirko"]
[Result "0-1"]
[WhiteElo "2001"]
[BlackElo "2011"]
[PlyCount "116"]
[EventDate "1999.03.??"]
[EventType "swiss"]
[EventRounds "9"]
[EventCountry "GER"]
[SourceTitle "EXT 2002"]
[Source "ChessBase"]
[SourceDate "2001.11.25"]
[SourceVersion "1"]
[SourceVersionDate "2001.11.25"]
[SourceQuality "1"]

1. Nf3 Nf6 2. g3 e6 3. Bg2 c5 4. c4 Nc6 5. 0-0 Be7 6. Nc3 0-0 7. d4 cxd4 8. Nxd4 a6 9. b3 Rb8 10. Bf4 Ra8 11. Rc1 Nxd4 12. Qxd4 d6 13. Qd3 h6 14. Rfd1 e5 15. Be3 Ng4 16. Nd5 Nxe3 17. Nxe7+ Qxe7 18. Qxe3 Be6 19. Qb6 Rab8 20. Rxd6 Qg5 21. e3 h5 22. h4 Qg4 23. Rcd1 g5 24. Rd8 gxh4 25. gxh4 Kh7 26. f3 Qxh4 27. Rxb8 Rxb8 28. Qd6 Rg8 29. Qd3+ Kh6 30. Rd2 Qe1+ 31. Kh2 Qg3+ 32. Kg1 h4 33. Qf1 h3 34. Qf2 Qxg2+ 35. Qxg2 Rxg2+ 36. Rxg2 hxg2 37. Kxg2 Kg6 38. Kf2 Kf6 39. Ke2 Ke7 40. Kd3 Kd6 41. f4 exf4 42. exf4 b5 43. cxb5 axb5 44. Kd4 Bf5 45. a4 bxa4 46. bxa4 Bd7 47. a5 Bc6 48. a6 Ke6 49. Kc5 Bg2 50. Kd4 Kf5 51. Ke3 Kg4 52. Kd2 Ba8 53. Ke3 f5 54. Kf2 Kxf4 55. Ke2 Kg3 56. Kf1 f4 57. Ke1 f3 58. Kf1 f2 0-1

[Event "Niederrhein-ch"]
[Site "Niederrhein"]
[Date "1999.03.28"]
[Round "3"]
[White "Hammes, Frank"]
[Black "Meis, Carsten"]
[Result "1-0"]
[WhiteElo "2001"]
[BlackElo "1896"]
[PlyCount "109"]
[EventDate "1999.03.??"]
[EventType "swiss"]
[EventRounds "9"]
[EventCountry "GER"]
[SourceTitle "EXT 2002"]
[Source "ChessBase"]
[SourceDate "2001.11.25"]
[SourceVersion "1"]
[SourceVersionDate "2001.11.25"]
[SourceQuality "1"]

1. c4 e5 2. Nc3 Nf6 3. g3 d5 4. cxd5 Nxd5 5. Bg2 Nb6 6. Nf3 Nc6 7. 0-0 Be7 8. b3 0-0 9. Bb2 f6 10. Rc1 a5 11. d3 Bg4 12. h3 Be6 13. Nd2 f5 14. Nc4 Nxc4 15. dxc4 Bg5 16. Qxd8 Raxd8 17. Rcd1 e4 18. Nb5 Rc8 19. f3 Nb4 20. h4 Be7 21. fxe4 Nc2 22. Nd4 Bc5 23. Kh1 Bxd4 24. Bxd4 fxe4 25. Rxf8+ Rxf8 26. Bxe4 Nxd4 27. Rxd4 Rf1+ 28. Kg2 Ra1 29. Bxb7 Rxa2 30. Kf2 a4 31. bxa4 Rxa4 32. Rd8+ Kf7 33. Bd5 Ke7 34. Rh8 Bxd5 35. cxd5 Rd4 36. Rxh7 Kf6 37. Rh5 Re4 38. Kf3 Rb4 39. e4 Rd4 40. Rf5+ Ke7 41. Kf4 Rd3 42. g4 Rd1 43. Re5+ Kf7 44. Kg5 Re1 45. Re6 Re2 46. Kf4 c5 47. Rc6 Rc2 48. e5 c4 49. Kg5 c3 50. Rc7+ Kf8 51. Kf5 Rc1 52. Ke6 g6 53. d6 c2 54. d7 Rd1 55. Rxc2 1-0

[Event "Niederrhein-ch"]
[Site "Niederrhein"]
[Date "1999.03.27"]
[Round "2"]
[White "Klueting, Reiner"]
[Black "Hammes, Frank"]
[Result "1/2-1/2"]
[WhiteElo "2019"]
[BlackElo "2001"]
[PlyCount "75"]
[EventDate "1999.03.??"]
[EventType "swiss"]
[EventRounds "9"]
[EventCountry "GER"]
[SourceTitle "EXT 2002"]
[Source "ChessBase"]
[SourceDate "2001.11.25"]
[SourceVersion "1"]
[SourceVersionDate "2001.11.25"]
[SourceQuality "1"]

1. e4 c5 2. Nf3 Nc6 3. d4 cxd4 4. c3 dxc3 5. Nxc3 e6 6. Bc4 a6 7. 0-0 d6 8. Qe2 Nf6 9. Rd1 Qc7 10. Bg5 Be7 11. Rac1 0-0 12. a3 Ng4 13. Bf4 Nge5 14. Ba2 Bf6 15. Be3 Nxf3+ 16. Qxf3 Qe7 17. Qe2 Rd8 18. Bb6 Rd7 19. f4 Bxc3 20. Rxc3 Qf6 21. Qf2 d5 22. e5 Qe7 23. Qc2 f6 24. Bc5 Qf7 25. Bd6 Qg6 26. Qe2 Rd8 27. Rg3 Qf7 28. Bb1 f5 29. Rh3 Bd7 30. g4 h6 31. gxf5 exf5 32. Qg2 Kh8 33. Qxd5 Be6 34. Qg2 Ne7 35. Rhd3 Ng6 36. Qg3 Rac8 37. b4 Rc4 38. Rd4 1/2-1/2

[Event "Duesseldorf-ch"]
[Site "Duesseldorf"]
[Date "1999.??.??"]
[Round "?"]
[White "Goldblat, Michael"]
[Black "Hammes, Frank"]
[Result "1/2-1/2"]
[WhiteElo "2237"]
[BlackElo "2150"]
[PlyCount "36"]
[EventDate "1999.10.??"]
[EventType "swiss"]
[EventRounds "9"]
[EventCountry "GER"]
[SourceTitle "EXT 2002"]
[Source "ChessBase"]
[SourceDate "2001.11.25"]
[SourceVersion "1"]
[SourceVersionDate "2001.11.25"]
[SourceQuality "1"]

1. d4 Nf6 2. c4 e6 3. Nc3 Bb4 4. e3 0-0 5. Nge2 b6 6. a3 Be7 7. Nf4 d5 8. Bd3 Bb7 9. 0-0 c5 10. Qf3 cxd4 11. exd4 Nc6 12. cxd5 Nxd4 13. Qe3 Nb3 14. Rb1 exd5 15. Nb5 Nxc1 16. Rbxc1 Bc5 17. Qh3 a6 18. Nc3 Bd6 1/2-1/2

[Event "Niederrhein-ch"]
[Site "Niederrhein"]
[Date "1996.04.04"]
[Round "7"]
[White "Hemming, Matthias"]
[Black "Hammes, Frank"]
[Result "1-0"]
[WhiteElo "2142"]
[BlackElo "1887"]
[PlyCount "59"]
[EventDate "1996.03.29"]
[EventType "swiss"]
[EventRounds "9"]
[EventCountry "GER"]
[SourceTitle "EXT 2006"]
[Source "ChessBase"]
[SourceDate "2005.11.24"]
[SourceVersion "1"]
[SourceVersionDate "2005.11.24"]
[SourceQuality "1"]

1. d4 Nf6 2. Bg5 e6 3. e4 Be7 4. e5 Nd5 5. h4 h6 6. Bd2 c5 7. Qg4 g6 8. Bd3 Qb6 9. Nc3 Nxc3 10. bxc3 Nc6 11. Ne2 h5 12. Qf4 cxd4 13. cxd4 Nb4 14. Be4 d5 15. exd6 Qxd6 16. Qxd6 Bxd6 17. c4 Nc6 18. Rb1 0-0 19. Bc3 Be7 20. g3 f5 21. Bg2 Bf6 22. 0-0 Nd8 23. Ba5 Nc6 24. Bc3 Nd8 25. Nf4 Kf7 26. c5 Nc6 27. d5 exd5 28. Bxf6 Kxf6 29. Nxd5+ Kg7 30. Nc7 1-0

[Event "Niederrhein-ch"]
[Site "Niederrhein"]
[Date "1996.04.02"]
[Round "5"]
[White "Proettel, Swen"]
[Black "Hammes, Frank"]
[Result "1/2-1/2"]
[WhiteElo "2008"]
[BlackElo "1887"]
[PlyCount "28"]
[EventDate "1996.03.29"]
[EventType "swiss"]
[EventRounds "9"]
[EventCountry "GER"]
[SourceTitle "EXT 2006"]
[Source "ChessBase"]
[SourceDate "2005.11.24"]
[SourceVersion "1"]
[SourceVersionDate "2005.11.24"]
[SourceQuality "1"]

1. e4 c5 2. Nc3 Nc6 3. f4 g6 4. Nf3 Bg7 5. Bb5 a6 6. Bxc6 dxc6 7. d3 Nf6 8. 0-0 0-0 9. Kh1 b5 10. Be3 c4 11. dxc4 b4 12. e5 bxc3 13. exf6 Bxf6 14. b3 Qxd1 1/2-1/2

[Event "Niederrhein-ch"]
[Site "Niederrhein"]
[Date "1996.03.29"]
[Round "1"]
[White "Sosnowski, Waldemar"]
[Black "Hammes, Frank"]
[Result "1/2-1/2"]
[WhiteElo "2003"]
[BlackElo "1887"]
[PlyCount "58"]
[EventDate "1996.03.29"]
[EventType "swiss"]
[EventRounds "9"]
[EventCountry "GER"]
[SourceTitle "EXT 2006"]
[Source "ChessBase"]
[SourceDate "2005.11.24"]
[SourceVersion "1"]
[SourceVersionDate "2005.11.24"]
[SourceQuality "1"]

1. f4 d5 2. Nf3 g6 3. e3 Bg7 4. d4 Nf6 5. Bd3 0-0 6. Nbd2 c5 7. c3 Nc6 8. 0-0 Qd6 9. Ne5 Bf5 10. Qe2 e6 11. b3 cxd4 12. exd4 Bxd3 13. Qxd3 Rac8 14. a4 Qc7 15. Ba3 Rfe8 16. Rac1 Na5 17. Rf3 Ne4 18. Nxe4 dxe4 19. Qxe4 Nxb3 20. Rd1 Na5 21. Rb1 b6 22. Bb4 Nc4 23. Nxc4 Qxc4 24. a5 bxa5 25. Bxa5 Rb8 26. Rb7 Qa6 27. Rxb8 Rxb8 28. Bb4 Qb7 29. Qxb7 Rxb7 1/2-1/2

[Event "Politiken Cup 18th"]
[Site "Copenhagen"]
[Date "1996.??.??"]
[Round "9"]
[White "Dahl Pedersen, Henrik"]
[Black "Hammes, Frank"]
[Result "1-0"]
[WhiteElo "2055"]
[BlackElo "2190"]
[PlyCount "77"]
[EventDate "1996.06.??"]
[EventType "swiss"]
[EventRounds "11"]
[EventCountry "DEN"]
[SourceTitle "CBM 054 Extra"]
[Source "ChessBase"]
[SourceDate "1996.11.01"]
[SourceVersion "1"]
[SourceVersionDate "1996.11.01"]
[SourceQuality "1"]

1. d4 Nf6 2. c4 g6 3. Nc3 d5 4. cxd5 Nxd5 5. e4 Nxc3 6. bxc3 Bg7 7. Be3 0-0 8. Bc4 c5 9. Ne2 cxd4 10. cxd4 Nc6 11. 0-0 Bd7 12. Qd2 Qa5 13. Rfd1 Rac8 14. Rab1 Qxd2 15. Rxd2 Na5 16. Bd3 a6 17. d5 b5 18. Bd4 Bh6 19. Rdd1 Nc4 20. Nc3 e5 21. dxe6 Bxe6 22. a4 Nd2 23. Rb4 Rfd8 24. axb5 a5 25. Ra4 Bb3 26. Nd5 Bxa4 27. Ra1 Rxd5 28. exd5 Bb3 29. d6 Be6 30. Bb6 Bf8 31. Bc7 Nb3 32. Rd1 Nc5 33. b6 a4 34. Bb5 a3 35. d7 Bxd7 36. Bxd7 Nxd7 37. Rxd7 a2 38. Rd1 Ra8 39. Be5 1-0

[Event "Politiken Cup 18th"]
[Site "Copenhagen"]
[Date "1996.??.??"]
[Round "3"]
[White "Hammes, Frank"]
[Black "Ksieski, Zbigniew"]
[Result "1/2-1/2"]
[WhiteElo "2190"]
[BlackElo "2400"]
[PlyCount "95"]
[EventDate "1996.06.??"]
[EventType "swiss"]
[EventRounds "11"]
[EventCountry "DEN"]
[SourceTitle "CBM 054 Extra"]
[Source "ChessBase"]
[SourceDate "1996.11.01"]
[SourceVersion "1"]
[SourceVersionDate "1996.11.01"]
[SourceQuality "1"]

1. c4 c5 2. Nf3 Nc6 3. g3 e5 4. d3 g6 5. Bg2 Bg7 6. 0-0 Nge7 7. Nc3 a6 8. Ne4 d6 9. Bg5 h6 10. Bf6 0-0 11. a3 Bxf6 12. Nxf6+ Kg7 13. Nd5 Be6 14. Nd2 Rb8 15. Rb1 b5 16. b4 bxc4 17. dxc4 cxb4 18. axb4 Bxd5 19. cxd5 Nxb4 20. Qa4 Qb6 21. Rfc1 Qb5 22. Qxb5 Rxb5 23. e4 Rc8 24. Rxc8 Nxc8 25. Bh3 f5 26. exf5 gxf5 27. Bxf5 Ne7 28. Be6 Nbxd5 29. Rxb5 axb5 30. Bxd5 Nxd5 31. Ne4 b4 32. Nxd6 b3 33. Nc4 e4 34. Kf1 Nb6 35. Nb2 Kf6 36. Ke2 Ke5 37. h3 Kd4 38. g4 Nc4 39. Nxc4 Kxc4 40. Kd2 Kd4 41. h4 Ke5 42. Kc3 Kf4 43. g5 hxg5 44. hxg5 Kxg5 45. Kxb3 Kf4 46. Kc3 Kf3 47. Kd4 Kxf2 48. Kxe4 1/2-1/2

[Event "Niederrhein-ch"]
[Site "Niederrhein"]
[Date "1995.04.??"]
[Round "?"]
[White "Krueger, Norbert"]
[Black "Hammes, Frank"]
[Result "1-0"]
[WhiteElo "2024"]
[BlackElo "2040"]
[PlyCount "77"]
[EventDate "1995.04.07"]
[EventType "swiss"]
[EventRounds "9"]
[EventCountry "GER"]
[SourceTitle "EXT 2006"]
[Source "ChessBase"]
[SourceDate "2005.11.24"]
[SourceVersion "1"]
[SourceVersionDate "2005.11.24"]
[SourceQuality "1"]

1. e4 g6 2. d4 Bg7 3. Nc3 d6 4. Be3 Nd7 5. Qd2 c6 6. f3 b5 7. Nge2 Bb7 8. Nc1 Qc7 9. Be2 a6 10. a4 b4 11. Nd1 a5 12. c3 c5 13. 0-0 cxd4 14. Bxd4 Bxd4+ 15. Qxd4 e5 16. Qd2 f5 17. exf5 gxf5 18. f4 Ngf6 19. fxe5 Rg8 20. Bf3 Ne4 21. Qf4 0-0-0 22. exd6 Qc5+ 23. Kh1 Rg6 24. cxb4 axb4 25. Nd3 Qd4 26. Qc1+ Ndc5 27. Nxc5 Ng3+ 28. hxg3 Bc6 29. Bxc6 Rdxd6 30. Bd7+ Kb8 31. Nf2 Rxg3 32. Na6+ Rxa6 33. Qc8+ Ka7 34. Qc7+ Ka8 35. Bc6+ Rxc6 36. Qxc6+ Ka7 37. Qc7+ Ka6 38. Qxg3 f4 39. Qd3+ 1-0

[Event "Niederrhein-ch"]
[Site "Niederrhein"]
[Date "1995.04.??"]
[Round "?"]
[White "Sielecki, Christof"]
[Black "Hammes, Frank"]
[Result "1/2-1/2"]
[WhiteElo "2212"]
[BlackElo "2040"]
[PlyCount "28"]
[EventDate "1995.04.07"]
[EventType "swiss"]
[EventRounds "9"]
[EventCountry "GER"]
[SourceTitle "EXT 2006"]
[Source "ChessBase"]
[SourceDate "2005.11.24"]
[SourceVersion "1"]
[SourceVersionDate "2005.11.24"]
[SourceQuality "1"]

1. Nf3 g6 2. g3 Bg7 3. c4 d6 4. d4 Nf6 5. Bg2 c5 6. 0-0 Na6 7. Nc3 0-0 8. b3 Rb8 9. Bb2 Bd7 10. Rc1 Bh6 11. e3 b6 12. Qe2 Nc7 13. Rfd1 Qc8 14. Rc2 Bg4 1/2-1/2